Charity and philanthropy in South Asia: (Record no. 506638)

000 -LEADER
fixed length control field 00456nam a2200169Ia 4500
008 - FIXED-LENGTH DATA ELEMENTS--GENERAL INFORMATION
fixed length control field 181130s2018 xx 000 0 und d
100 ## - MAIN ENTRY--PERSONAL NAME
Personal name Osella, Filippo
245 ## - TITLE STATEMENT
Title Charity and philanthropy in South Asia:
Remainder of title an introduction
260 ## - PUBLICATION, DISTRIBUTION, ETC.
Date of publication, distribution, etc. 2018
300 ## - PHYSICAL DESCRIPTION
Extent p.4-34.
504 ## - BIBLIOGRAPHY, ETC. NOTE
-- Jan
650 ## - SUBJECT ADDED ENTRY--TOPICAL TERM
Topical term or geographic name entry element Charities - South Asia
650 ## - SUBJECT ADDED ENTRY--TOPICAL TERM
Topical term or geographic name entry element Philanthropy
650 ## - SUBJECT ADDED ENTRY--TOPICAL TERM
Topical term or geographic name entry element Philanthropy - South Asia
773 ## - HOST ITEM ENTRY
Main entry heading Modern Asian Studies
906 ## - LOCAL DATA ELEMENT F, LDF (RLIN)
a Philanthropy
Holdings
Withdrawn status Lost status Damaged status Not for loan Permanent Location Current Location Date acquired Serial Enumeration / chronology Barcode Date last seen Price effective from Koha item type
        Indian Institute of Public Administration Indian Institute of Public Administration 2018-12-07 52(1), Jan, 2018: p.4-34. AR118433 2018-12-07 2018-12-07 Articles

Powered by Koha